Iskolai gyakorlaton
Elmentve itt :
| Dokumentumtípus: | Cikk |
|---|---|
| Megjelent: |
1969
|
| Sorozat: | Szegedi Egyetem
7 No. 12 |
| Kulcsszavak: | Iskolai gyakorlat |
| Online Access: | http://univ.bibl.u-szeged.hu/12827 |
| LEADER | 00547nab a2200181 i 4500 | ||
|---|---|---|---|
| 001 | univ12827 | ||
| 005 | 20241212150953.0 | ||
| 008 | 171219s1969 hu o 000 hun d | ||
| 022 | |a 0230-791X | ||
| 040 | |a SZTE UnivHistória Repozitórium |b hun | ||
| 041 | |a hun | ||
| 245 | 0 | 0 | |a Iskolai gyakorlaton |h [elektronikus dokumentum] |
| 260 | |c 1969 | ||
| 300 | |a 5 | ||
| 490 | 0 | |a Szegedi Egyetem |v 7 No. 12 | |
| 561 | |a Egyetemi, hallgatói élet | ||
| 695 | |a Iskolai gyakorlat | ||
| 856 | 4 | 0 | |u http://univ.bibl.u-szeged.hu/12827/1/sze_1969_012_005.pdf |z Dokumentum-elérés |